000 00447cam a22001097a 4500
008 180718b1954 xxu||||| |||| 00| 0 eng d
082 _aP5x54 In2e
100 _aIndia. Experts Committee Appointed to Consider the Establishment of New Universities
245 _aReport of the Experts Committee Appointed to Consider the Establishment of New Universities
_cby Ministry of Education
260 _aNew Delhi
_bMinistry of Educations
_c1954
300 _a4p.
999 _c393736
_d393736